Building industry still deep in recession warns Federation of Master Builders (Record no. 82132)

MARC details
000 -LEADER
fixed length control field 01152cad a22002055a 4500
001 - CONTROL NUMBER
control field L149323
008 - FIXED-LENGTH DATA ELEMENTS--GENERAL INFORMATION
fixed length control field 100219e20101014xxk f 000 0 eng d
035 ## - SYSTEM CONTROL NUMBER
System control number (Sirsi) u149323
041 0# - LANGUAGE CODE
Language code of text/sound track or separate title eng
110 2# - MAIN ENTRY--CORPORATE NAME
Corporate name or jurisdiction name as entry element Federation of Master Builders
9 (RLIN) 465
245 00 - TITLE STATEMENT
Title Building industry still deep in recession warns Federation of Master Builders
Medium [electronic resource]
260 ## - PUBLICATION, DISTRIBUTION, ETC.
Date of publication, distribution, etc. 2010
490 ## - SERIES STATEMENT
Series statement Federation of Master Builders State of Trade Survey
Volume/sequential designation Fourth quarter 2009
520 ## - SUMMARY, ETC.
Summary, etc. The Federation of Master Builders' latest survey reports that workloads in the construction sector are still falling, with 50% of FMB builders reporting lower workloads and only 15% reporting an increase over the last three months. Confidence is stronger among specialist builders than among general builders, but general opinion is that the recession is far from over.
590 ## - LOCAL NOTE (RLIN)
Local note KA NTK
651 #4 - SUBJECT ADDED ENTRY--GEOGRAPHIC NAME
Geographic name United Kingdom
Chronological subdivision
690 ## - LOCAL SUBJECT ADDED ENTRY--TOPICAL TERM (OCLC, RLIN)
Topical term or geographic name as entry element BUILT ENVIRONMENT-CONSTRUCTION MARKET
856 40 - ELECTRONIC LOCATION AND ACCESS
Uniform Resource Identifier <a href="https://www.fmb.org.uk/news/press-releases/2010/january/building-industry-still-deep-in-recession-warns-fmb250110/">https://www.fmb.org.uk/news/press-releases/2010/january/building-industry-still-deep-in-recession-warns-fmb250110/</a>
Public note View the item free of charge at www.fmb.org.uk
942 ## - ADDED ENTRY ELEMENTS (KOHA)
Suppress in OPAC 0
Holdings
Withdrawn status Lost status Source of classification or shelving scheme Damaged status Not for loan Home library Current library Shelving location Date acquired Total Checkouts Full call number Barcode Date last seen Copy number Price effective from Koha item type
    Dewey Decimal Classification     Virtual Virtual Online 19/02/2010   ONLINE PUBLICATION 149323-2001 06/08/2019 1 06/08/2019 Book